000 00335 a2200157 4500
001 160926
020 _a978-85-8392-107-3
040 _cMagnum
100 _aBarbosa, Nair de Medeiros
240 1 0 _aUm superamigo
_lpor
245 1 0 _aUm superamigo
300 _a21
362 0 _a2017
697 _aLITERATURA INFANTIL
942 _cBK
999 _c160926
_d160926